• 首页
  • 本馆介绍
  • 公告通知
  • 最新文献
  • 馆藏检索
  • 电子资源
  • 读者导购
  • 参考咨询
  • 我的图书馆
  • 登录
  • 详细信息显示
  • 放入我的书架
  • 预约/预借图书
  • 作者相关作品
  • 分类相关作品
  • 丛书相关作品
  • 出版社相关作品

书目信息

  • 表格格式
  • 工作单格式
  • 卡片格式
题名:
环境道德教育
    
 
作者: 马桂新 著
分册:  
出版信息: 北京   科学出版社  2006
页数: 308页
开本: 21cm
丛书名:
单 册:
中图分类: G478.1
科图分类:
主题词: 学校教育--环境教育 , 学校教育 , 环境教育
电子资源:
ISBN: 7-03-017568-9
000 01034nam0 2200277 450
001 1259884281
005 20121005163828.37
010    @a7-03-017568-9@dCNY30.00
100    @a20060210d2006 em y0chiy50 ea
101 0  @achi
102    @aCN@b110000
105    @ay z 000yy
200 1  @a环境道德教育@Ahuan jing dao de jiao yu@f马桂新著
210    @a北京@c科学出版社@d2006
215    @a308页@d21cm
300    @a辽宁省哲学社会科学基金重点项目成果
312    @a封面英文题名:Education on environmental ethics
330    @a本书在总结辽宁省社科基金项目“学校环境道德现状与环境道德建设”成果基础上,面向学校对青少年环境道德建设的理论研究与实践探索,从实际出发,理论联系实际。注重环境伦理观和学校环境道德现状的研究,探索环境道德建设和环境伦理建设的理论等。
510 1  @aEducation on environmental ethics@zeng
606 0  @a学校教育@x环境教育
606 0  @a学校教育
606 0  @a环境教育
690    @aG478.1@v4
701  0 @a马桂新@Ama gui xin@c(女,@f1944~)@4著
801  0 @aCN@bNLC@c20101222
905    @a10447@dG478.1@eJY501
    
    环境道德教育/马桂新著.-北京:科学出版社,2006
    308页;21cm
    辽宁省哲学社会科学基金重点项目成果
    
    ISBN 7-03-017568-9:CNY30.00
    本书在总结辽宁省社科基金项目“学校环境道德现状与环境道德建设”成果基础上,面向学校对青少年环境道德建设的理论研究与实践探索,从实际出发,理论联系实际。注重环境伦理观和学校环境道德现状的研究,探索环境道德建设和环境伦理建设的理论等。
●
相关链接 在E读中查询图书 在五车中查询图书 在当当中查询图书 在豆瓣中查询图书


正题名:环境道德教育     索取号:G478.1/JY501         预约/预借

序号 登录号 条形码 馆藏地/架位号 状态 备注
1 7806254   278062542   学院路分馆/ [索取号:G478.1/JY501] 在馆    
2 7806255   278062551   学院路分馆/ [索取号:G478.1/JY501] 在馆    
唐山师范学院图书馆 欢迎您!
大连网信软件有限公司© 版权所有